[Event "Cto. FACV Ind. Preferente Valencia 2014"]
[Site "Valencia ESP"]
[Date "2014.09.27"]
[Round "1.1"]
[White "Martin Ayala, David"]
[Black "Cerdan Herraez, Manuel Vicente"]
[Result "1-0"]
[WhiteElo "2032"]
[BlackElo "1824"]
[PlyCount "66"]
[EventDate "2014.09.27"]
[EventType "swiss"]
[EventRounds "7"]
[EventCountry "ESP"]
[Source "lmi"]
[SourceDate "2014.09.27"]

1. e4 e5 2. Nf3 d6 3. d4 exd4 4. Nxd4 Nf6 5. Nc3 Be7 6. Bd3 Nbd7 7. O-O Nc5 8.
Bb5+ Bd7 9. Bxd7+ Qxd7 10. Re1 Ne6 11. Nf5 O-O-O 12. Nd5 Ng8 13. a4 g6 14. Nd4
Nf6 15. Ra3 Nxd4 16. Qxd4 c5 17. Qc4 Nxd5 18. exd5 Bf6 19. b4 Rhe8 20. Be3 Qc7
21. Rb1 Bd4 22. Bxd4 cxd4 23. Qxd4 Kb8 24. c4 Qd7 25. a5 Qf5 26. Qd3 Re4 27.
Rc1 Rde8 28. Qf1 Qf4 29. Rac3 Rd4 30. g3 Qf6 31. Re3 Rc8 32. Qe2 Qg5 33. Rec3
Qf5 1-0

[Event "Cto. FACV Ind. Preferente Valencia 2014"]
[Site "Valencia ESP"]
[Date "2014.09.27"]
[Round "1.3"]
[White "Davidovas Chananovas, Norman"]
[Black "Fernandez Garcia, Olmo"]
[Result "0-1"]
[WhiteElo "1971"]
[BlackElo "1821"]
[PlyCount "56"]
[EventDate "2014.09.27"]
[EventType "swiss"]
[EventRounds "7"]
[EventCountry "ESP"]
[Source "lmi"]
[SourceDate "2014.09.27"]

1. e4 e5 2. Nf3 Nc6 3. Bb5 Bc5 4. O-O d6 5. c3 a6 6. Ba4 b5 7. Bb3 Bb6 8. d4
Bg4 9. Bxf7+ Kxf7 10. Ng5+ Qxg5 11. f3 Qg6 12. fxg4+ Ke8 13. Kh1 Qxe4 14. dxe5
Nxe5 15. Re1 Qc6 16. Bf4 Ne7 17. Bxe5 dxe5 18. Rxe5 Qf6 19. Qe2 Rd8 20. Na3 Rf8
21. g5 Qd6 22. Re6 Rf2 23. Qh5+ g6 24. Qh4 Qd1+ 25. Re1 Qd5 26. Qg4 Qf5 27. Qh4
Rdd2 28. Qxh7 Qxg5 0-1

[Event "Cto. FACV Ind. Preferente Valencia 2014"]
[Site "Valencia ESP"]
[Date "2014.09.27"]
[Round "1.4"]
[White "Morenilla Rocher, Fernando"]
[Black "Lucas Leon, Angel"]
[Result "1-0"]
[WhiteElo "1812"]
[BlackElo "1968"]
[PlyCount "45"]
[EventDate "2014.09.27"]
[EventType "swiss"]
[EventRounds "7"]
[EventCountry "ESP"]
[Source "lmi"]
[SourceDate "2014.09.27"]

1. d4 Nf6 2. Nf3 e6 3. e3 d5 4. Bd3 c5 5. c3 Nc6 6. Nbd2 Bd6 7. O-O O-O 8. e4
cxd4 9. cxd4 dxe4 10. Nxe4 h6 11. a3 b6 12. Be3 Bb7 13. Qd2 Ne7 14. Nxf6+ gxf6
15. Bxh6 Re8 16. Rae1 Nd5 17. Re4 f5 18. Rh4 Ne7 19. Bg7 f4 20. Bf6 Ng6 21.
Bxd8 Raxd8 22. Bxg6 fxg6 23. Qd3 1-0

[Event "Cto. FACV Ind. Preferente Valencia 2014"]
[Site "Valencia ESP"]
[Date "2014.09.27"]
[Round "1.5"]
[White "Hompanera Lopez, Enrique"]
[Black "Canton Sanchez, Adrian"]
[Result "1-0"]
[WhiteElo "1967"]
[BlackElo "1809"]
[PlyCount "79"]
[EventDate "2014.09.27"]
[EventType "swiss"]
[EventRounds "7"]
[EventCountry "ESP"]
[Source "lmi"]
[SourceDate "2014.09.27"]

1. e4 c5 2. Nf3 Nc6 3. d4 e6 4. d5 exd5 5. exd5 Nce7 6. d6 Nf6 7. dxe7 Bxe7 8.
Be2 O-O 9. O-O d5 10. Bf4 Bf5 11. Nbd2 Nh5 12. Bg3 Nxg3 13. hxg3 Bf6 14. c3 Qb6
15. Qb3 Qxb3 16. Nxb3 b6 17. Rad1 Be6 18. Rd2 h6 19. Rfd1 Rad8 20. Ne1 d4 21.
cxd4 Bxb3 22. axb3 Rxd4 23. Rxd4 Bxd4 24. Rd2 Re8 25. Kf1 Re7 26. Nf3 Bf6 27.
Bc4 g6 28. Ne1 Bd4 29. Nd3 Kg7 30. Re2 Rc7 31. g4 g5 32. Ne5 Kf8 33. Ke1 Kg7
34. Kd2 Kf8 35. Kc2 Kg7 36. Kd3 Kf8 37. Ke4 f6 38. Ng6+ Kg7 39. Kf5 Be5 40. Rd2
1-0

[Event "Cto. FACV Ind. Preferente Valencia 2014"]
[Site "Valencia ESP"]
[Date "2014.09.27"]
[Round "1.6"]
[White "Torrijos Garcia, Borja"]
[Black "Gomez Ibanez, David"]
[Result "0-1"]
[WhiteElo "1806"]
[BlackElo "1949"]
[PlyCount "48"]
[EventDate "2014.09.27"]
[EventType "swiss"]
[EventRounds "7"]
[EventCountry "ESP"]
[Source "lmi"]
[SourceDate "2014.09.27"]

1. c4 e5 2. Nc3 Nc6 3. g3 Nf6 4. Bg2 Be7 5. d3 d6 6. Nf3 O-O 7. O-O Bg4 8. Rb1
Re8 9. b4 Rb8 10. Be3 a6 11. b5 axb5 12. Rxb5 Qd7 13. Qc2 h6 14. Rfb1 b6 15. a4
Na5 16. Nd5 Bf5 17. Nd2 Ng4 18. Bxb6 cxb6 19. Nxb6 Qa7 20. Qc3 Nb7 21. e3 Nc5
22. Bc6 Red8 23. Nd5 Bf8 24. e4 Nxa4 0-1

[Event "Cto. FACV Ind. Preferente Valencia 2014"]
[Site "Valencia ESP"]
[Date "2014.10.04"]
[Round "2.1"]
[White "Hernandez Torralba, Sergio"]
[Black "Martin Ayala, David"]
[Result "0-1"]
[WhiteElo "1858"]
[BlackElo "2032"]
[PlyCount "98"]
[EventDate "2014.09.27"]
[EventType "swiss"]
[EventRounds "7"]
[EventCountry "ESP"]
[Source "lmi"]
[SourceDate "2014.09.27"]

1. e4 e6 2. d4 d5 3. Nd2 Nf6 4. e5 Nfd7 5. f4 c5 6. c3 Nc6 7. Ndf3 cxd4 8. cxd4
Bb4+ 9. Bd2 Qb6 10. Bxb4 Qxb4+ 11. Qd2 Qxd2+ 12. Kxd2 Nb6 13. Rc1 Bd7 14. a3
Na5 15. Rc3 O-O 16. b4 Nac4+ 17. Bxc4 Nxc4+ 18. Kc2 a5 19. bxa5 Rxa5 20. Nd2
Nxa3+ 21. Kd3 Bb5+ 22. Ke3 Nc4+ 23. Nxc4 Bxc4 24. Nf3 b5 25. Rb1 Rfa8 26. Rb2
Ra3 27. Rxa3 Rxa3+ 28. Kd2 Rd3+ 29. Kc2 h5 30. Kc1 Kh7 31. Rd2 Ra3 32. Kb2 b4
33. Rc2 Ra4 34. Nd2 Ra2+ 35. Kb1 Rxc2 36. Kxc2 Kg6 37. Nf3 Kf5 38. g3 f6 39.
Nh4+ Ke4 40. f5 fxe5 41. fxe6 exd4 42. e7 Bd3+ 43. Kc1 Bb5 44. Ng2 Ba4 45. Kd2
b3 46. Kc1 d3 47. Nf4 g5 48. Ng6 Kf3 49. h4 gxh4 0-1

[Event "Cto. FACV Ind. Preferente Valencia 2014"]
[Site "Valencia ESP"]
[Date "2014.10.04"]
[Round "2.2"]
[White "Cebrian Flores, Juan Antonio"]
[Black "Vera Juan, Andreu"]
[Result "1-0"]
[WhiteElo "2000"]
[BlackElo "1854"]
[PlyCount "35"]
[EventDate "2014.09.27"]
[EventType "swiss"]
[EventRounds "7"]
[EventCountry "ESP"]
[Source "lmi"]
[SourceDate "2014.09.27"]

1. e4 c5 2. Nf3 d6 3. d4 cxd4 4. Nxd4 Nf6 5. Nc3 a6 6. Be3 e5 7. Nf3 Be7 8. Bc4
Qc7 9. Bb3 Ng4 10. Nd5 Qa5+ 11. Bd2 Qc5 12. O-O Nf6 13. Bb4 Qc6 14. Nxe7 Kxe7
15. Nxe5 Qb6 16. Ba3 Be6 17. Bxe6 fxe6 18. Nc4 1-0

[Event "Cto. FACV Ind. Preferente Valencia 2014"]
[Site "Valencia ESP"]
[Date "2014.10.04"]
[Round "2.3"]
[White "Perales Arona, Joaquin"]
[Black "Hompanera Lopez, Enrique"]
[Result "1/2-1/2"]
[WhiteElo "1845"]
[BlackElo "1967"]
[PlyCount "47"]
[EventDate "2014.09.27"]
[EventType "swiss"]
[EventRounds "7"]
[EventCountry "ESP"]
[Source "lmi"]
[SourceDate "2014.09.27"]

1. e4 c5 2. Nc3 e6 3. d3 Nc6 4. g3 Nf6 5. Bg2 g6 6. Nge2 Bg7 7. O-O O-O 8. f4
d6 9. h3 a6 10. g4 Qc7 11. Ng3 Nd4 12. Nce2 Bd7 13. c3 Nxe2+ 14. Qxe2 Rac8 15.
Be3 b5 16. Rad1 a5 17. d4 cxd4 18. cxd4 b4 19. e5 dxe5 20. dxe5 Nd5 21. Ne4
Nxe3 22. Qxe3 Rb8 23. Nf6+ Bxf6 24. exf6 1/2-1/2

[Event "Cto. FACV Ind. Preferente Valencia 2014"]
[Site "Valencia ESP"]
[Date "2014.10.04"]
[Round "2.4"]
[White "Gomez Ibanez, David"]
[Black "Morenilla Rocher, Fernando"]
[Result "1-0"]
[WhiteElo "1949"]
[BlackElo "1812"]
[PlyCount "51"]
[EventDate "2014.09.27"]
[EventType "swiss"]
[EventRounds "7"]
[EventCountry "ESP"]
[Source "lmi"]
[SourceDate "2014.09.27"]

1. d4 d5 2. Nf3 Nf6 3. g3 e6 4. Bg2 Nbd7 5. O-O Bd6 6. b3 O-O 7. Bb2 c6 8. Nbd2
Re8 9. Re1 e5 10. dxe5 Nxe5 11. Nxe5 Bxe5 12. Bxe5 Rxe5 13. c4 Bg4 14. cxd5
Nxd5 15. Nc4 Rh5 16. Qd4 Bh3 17. Bf3 Rg5 18. Rad1 h5 19. Qh4 Bg4 20. Bxg4 Rxg4
21. Qxd8+ Rxd8 22. e4 h4 23. exd5 hxg3 24. hxg3 cxd5 25. Ne3 Rg5 26. Rd4 1-0

[Event "Cto. FACV Ind. Preferente Valencia 2014"]
[Site "Valencia ESP"]
[Date "2014.10.04"]
[Round "2.5"]
[White "Fernandez Garcia, Olmo"]
[Black "Martinez Hernandez, Javier"]
[Result "1/2-1/2"]
[WhiteElo "1821"]
[BlackElo "1916"]
[PlyCount "77"]
[EventDate "2014.09.27"]
[EventType "swiss"]
[EventRounds "7"]
[EventCountry "ESP"]
[Source "lmi"]
[SourceDate "2014.09.27"]

1. e4 e5 2. Nf3 Nc6 3. Bb5 a6 4. Ba4 Nf6 5. O-O Be7 6. d3 b5 7. Bb3 d6 8. h3
Na5 9. c3 Nxb3 10. axb3 O-O 11. Nbd2 Re8 12. Re1 Bf8 13. Nf1 g6 14. c4 Rb8 15.
d4 exd4 16. Qxd4 Bg7 17. Qd3 Bb7 18. Ng3 h6 19. Bd2 Nd7 20. Qc2 bxc4 21. bxc4
Nc5 22. Bc3 Bxc3 23. Qxc3 Qc8 24. Nd2 h5 25. e5 dxe5 26. Rxe5 Rxe5 27. Qxe5 Nd3
28. Qe3 Qd8 29. b3 Qf6 30. Rb1 Rd8 31. Nde4 Qe7 32. Rd1 h4 33. Rxd3 Rxd3 34.
Qxd3 hxg3 35. Nxg3 Qe1+ 36. Nf1 Be4 37. Qd8+ Kg7 38. Qd4+ Kg8 39. Qd8+ 1/2-1/2

[Event "Cto. FACV Ind. Preferente Valencia 2014"]
[Site "Valencia ESP"]
[Date "2014.10.18"]
[Round "3.1"]
[White "Martin Ayala, David"]
[Black "Gomez Ibanez, David"]
[Result "1-0"]
[WhiteElo "2032"]
[BlackElo "1949"]
[PlyCount "63"]
[EventDate "2014.09.27"]
[EventType "swiss"]
[EventRounds "7"]
[EventCountry "ESP"]
[Source "lmi"]
[SourceDate "2014.09.27"]

1. e4 e6 2. d4 d5 3. Nd2 Nf6 4. e5 Nfd7 5. Bd3 c5 6. c3 Nc6 7. Ne2 Qb6 8. Nf3
f6 9. exf6 Nxf6 10. O-O Bd7 11. Re1 O-O-O 12. Rb1 Bd6 13. Be3 Rhf8 14. dxc5
Bxc5 15. Bxc5 Qxc5 16. b4 Qd6 17. b5 Ne7 18. Qa4 Kb8 19. Ned4 Rc8 20. Rb3 b6
21. Ne5 Rc7 22. g3 Ne4 23. Nxd7+ Rxd7 24. Bxe4 dxe4 25. Rb2 e5 26. Nc6+ Nxc6
27. bxc6 Rc7 28. Qxe4 Rxc6 29. Qxh7 Qf6 30. Qe4 Rc5 31. Qe3 Qf5 32. Qxc5 1-0

[Event "Cto. FACV Ind. Preferente Valencia 2014"]
[Site "Valencia ESP"]
[Date "2014.10.18"]
[Round "3.2"]
[White "Hidalgo Herrera, Antonio"]
[Black "Cebrian Flores, Juan Antonio"]
[Result "0-1"]
[WhiteElo "1880"]
[BlackElo "2000"]
[PlyCount "46"]
[EventDate "2014.09.27"]
[EventType "swiss"]
[EventRounds "7"]
[EventCountry "ESP"]
[Source "lmi"]
[SourceDate "2014.09.27"]

1. e4 g6 2. d4 Bg7 3. f4 d6 4. Nf3 a6 5. Bd3 Nd7 6. O-O c5 7. c3 e6 8. f5 Ngf6
9. fxe6 fxe6 10. Ng5 Qe7 11. Qe2 O-O 12. Be3 b5 13. Nd2 Bb7 14. Rad1 Rae8 15.
Bb1 Qd8 16. e5 Nd5 17. Nge4 Nxe3 18. Qxe3 Bxe4 19. Nxe4 Rxf1+ 20. Rxf1 cxd4 21.
cxd4 dxe5 22. dxe5 Bxe5 23. Nc5 Qh4 0-1

[Event "Cto. FACV Ind. Preferente Valencia 2014"]
[Site "Valencia ESP"]
[Date "2014.10.18"]
[Round "3.3"]
[White "Hompanera Lopez, Enrique"]
[Black "Fernandez Garcia, Olmo"]
[Result "1-0"]
[WhiteElo "1967"]
[BlackElo "1821"]
[PlyCount "57"]
[EventDate "2014.09.27"]
[EventType "swiss"]
[EventRounds "7"]
[EventCountry "ESP"]
[Source "lmi"]
[SourceDate "2014.09.27"]

1. e4 e5 2. Nf3 Nc6 3. Bb5 a6 4. Ba4 Bc5 5. O-O Nf6 6. c3 b5 7. Bc2 d6 8. d4
exd4 9. cxd4 Bb6 10. h3 h6 11. Re1 O-O 12. Nc3 Re8 13. Bf4 Nb4 14. Bb1 c5 15.
d5 c4 16. a4 Bc5 17. axb5 Qb6 18. Qd2 Bb7 19. bxa6 Rxa6 20. Rxa6 Qxa6 21. Bxh6
gxh6 22. Qxh6 Nh7 23. e5 Nd3 24. Bxd3 cxd3 25. e6 Bxd5 26. Nxd5 Qb7 27. exf7+
Qxf7 28. Rxe8+ Qxe8 29. Qxh7+ 1-0

[Event "Cto. FACV Ind. Preferente Valencia 2014"]
[Site "Valencia ESP"]
[Date "2014.10.18"]
[Round "3.4"]
[White "Moronta Furio, Diego"]
[Black "Perales Arona, Joaquin"]
[Result "1/2-1/2"]
[WhiteElo "1934"]
[BlackElo "1845"]
[PlyCount "58"]
[EventDate "2014.09.27"]
[EventType "swiss"]
[EventRounds "7"]
[EventCountry "ESP"]
[Source "lmi"]
[SourceDate "2014.09.27"]

1. e4 e6 2. d4 d5 3. e5 c5 4. c3 Nc6 5. Nf3 Qb6 6. Bd3 cxd4 7. cxd4 Bd7 8. O-O
Nxd4 9. Nxd4 Qxd4 10. Nc3 Qb6 11. a4 a6 12. a5 Qa7 13. Na4 Bc5 14. Qg4 Ne7 15.
Qxg7 Rg8 16. Qxh7 Bc6 17. Qh4 Ng6 18. Bxg6 Rxg6 19. Nxc5 Qxc5 20. b3 d4 21. f3
Qxe5 22. Bf4 Qg7 23. Bg3 e5 24. Rfe1 f6 25. Qxd4 Rd8 26. Qc4 Bd5 27. Qa4+ Bc6
28. Qc4 Bd5 29. Qa4+ Bc6 1/2-1/2

[Event "Cto. FACV Ind. Preferente Valencia 2014"]
[Site "Valencia ESP"]
[Date "2014.10.18"]
[Round "3.5"]
[White "Martinez Hernandez, Javier"]
[Black "Aupi Royo, Juan Ignacio"]
[Result "1/2-1/2"]
[WhiteElo "1916"]
[BlackElo "1803"]
[PlyCount "46"]
[EventDate "2014.09.27"]
[EventType "swiss"]
[EventRounds "7"]
[EventCountry "ESP"]
[Source "lmi"]
[SourceDate "2014.09.27"]

1. e4 c5 2. Nf3 d6 3. d3 Nc6 4. Nbd2 e6 5. g3 g6 6. Bg2 Bg7 7. c3 Nge7 8. a4
O-O 9. O-O f5 10. Qe2 f4 11. Re1 e5 12. h3 Bh6 13. g4 g5 14. Rd1 Ng6 15. Nc4
Bg7 16. b3 Be6 17. Bb2 Bf6 18. d4 cxd4 19. cxd4 Nxd4 20. Bxd4 exd4 21. Nxd4 Bf7
22. Rac1 Ne5 23. Nxe5 Bxe5 1/2-1/2

[Event "Cto. FACV Ind. Preferente Valencia 2014"]
[Site "Valencia ESP"]
[Date "2014.10.25"]
[Round "4.1"]
[White "Cebrian Flores, Juan Antonio"]
[Black "Martin Ayala, David"]
[Result "1/2-1/2"]
[WhiteElo "2000"]
[BlackElo "2032"]
[PlyCount "82"]
[EventDate "2014.09.27"]
[EventType "swiss"]
[EventRounds "7"]
[EventCountry "ESP"]
[Source "lmi"]
[SourceDate "2014.09.27"]

1. e4 e6 2. d4 d5 3. Nc3 dxe4 4. Nxe4 Bd7 5. Nf3 Bc6 6. Neg5 Bd6 7. Bd3 Nf6 8.
O-O h6 9. Nh3 Bxf3 10. Qxf3 Nc6 11. c3 O-O 12. Bb5 Nd5 13. Be3 Nce7 14. Bd3
Nxe3 15. fxe3 c6 16. Qh5 Nd5 17. e4 Nf6 18. Qe2 e5 19. Rad1 Qc7 20. g4 exd4 21.
cxd4 Bxh2+ 22. Qxh2 Qxh2+ 23. Kxh2 Nxg4+ 24. Kg3 Ne3 25. Rfe1 Nxd1 26. Rxd1
Rad8 27. Bc4 Rfe8 28. e5 Re7 29. Kf4 g5+ 30. Kf5 Kg7 31. Nf2 Red7 32. Ke4 h5
33. Nh1 Kg6 34. Ng3 b5 35. Bf1 f6 36. exf6 h4 37. Nf5 Kxf6 38. Bh3 c5 39. d5
Rf8 40. d6 Rdd8 41. Rd5 Rfe8+ 1/2-1/2

[Event "Cto. FACV Ind. Preferente Valencia 2014"]
[Site "Valencia ESP"]
[Date "2014.10.25"]
[Round "4.2"]
[White "Lopez Diaz, Rafael"]
[Black "Vila Todosantos, Jose Miguel"]
[Result "0-1"]
[WhiteElo "1880"]
[BlackElo "1853"]
[PlyCount "68"]
[EventDate "2014.09.27"]
[EventType "swiss"]
[EventRounds "7"]
[EventCountry "ESP"]
[Source "lmi"]
[SourceDate "2014.09.27"]

1. c4 Nf6 2. Nc3 e6 3. a3 b6 4. Nf3 Bb7 5. e3 Be7 6. Be2 O-O 7. O-O d6 8. b4
Nbd7 9. d4 Ne4 10. Bb2 Nxc3 11. Bxc3 Bf6 12. Qc2 Re8 13. Bd3 h6 14. e4 e5 15.
d5 Nf8 16. a4 Ng6 17. g3 Bc8 18. Kg2 Bd7 19. h4 Bg4 20. Rh1 Qc8 21. h5 Nf8 22.
Nd2 Nh7 23. f3 Bd7 24. f4 exf4 25. e5 Ng5 26. exf6 Bh3+ 27. Kg1 Qg4 28. Rxh3
Nxh3+ 29. Kf1 Ng5 30. Bf5 Qe2+ 31. Kg1 Re3 32. Kh1 fxg3 33. Nf1 g2+ 34. Kh2
gxf1=Q+ 0-1

[Event "Cto. FACV Ind. Preferente Valencia 2014"]
[Site "Valencia ESP"]
[Date "2014.10.25"]
[Round "4.3"]
[White "Aupi Royo, Juan Ignacio"]
[Black "Davidovas Chananovas, Norman"]
[Result "1-0"]
[WhiteElo "1803"]
[BlackElo "1971"]
[PlyCount "53"]
[EventDate "2014.09.27"]
[EventType "swiss"]
[EventRounds "7"]
[EventCountry "ESP"]
[Source "lmi"]
[SourceDate "2014.09.27"]

1. d4 g6 2. c4 Bg7 3. Nc3 d6 4. Nf3 Nf6 5. e4 O-O 6. Be2 c5 7. d5 e6 8. O-O
exd5 9. cxd5 Re8 10. Nd2 Na6 11. f3 Bd7 12. a4 Nb4 13. Nc4 a6 14. Bf4 Bf8 15.
g4 b5 16. Nxd6 Qc7 17. Nxe8 Qxf4 18. Nxf6+ Qxf6 19. axb5 a5 20. f4 Qh4 21. Bf3
g5 22. e5 gxf4 23. e6 fxe6 24. dxe6 Bxe6 25. Bxa8 c4 26. Kh1 Qg5 27. Qf3 1-0

[Event "Cto. FACV Ind. Preferente Valencia 2014"]
[Site "Valencia ESP"]
[Date "2014.10.25"]
[Round "4.4"]
[White "Lucas Leon, Angel"]
[Black "Hidalgo Herrera, Antonio"]
[Result "0-1"]
[WhiteElo "1968"]
[BlackElo "1880"]
[PlyCount "57"]
[EventDate "2014.09.27"]
[EventType "swiss"]
[EventRounds "7"]
[EventCountry "ESP"]
[Source "lmi"]
[SourceDate "2014.09.27"]

1. d4 d5 2. c4 c6 3. Nc3 Nf6 4. Nf3 e6 5. Bg5 Be7 6. e3 O-O 7. Qc2 Nbd7 8. Bd3
h6 9. Bh4 dxc4 10. Bxc4 b5 11. Bd3 Bb7 12. O-O a6 13. Ne4 Nxe4 14. Bxe7 Qxe7
15. Bxe4 Rac8 16. Rac1 Nf6 17. Nd2 e5 18. Bf5 Rcd8 19. dxe5 Qxe5 20. Nf3 Qe7
21. Qc5 Qxc5 22. Rxc5 Rd5 23. Rfc1 Rfd8 24. Nd4 g6 25. Bh3 Rxc5 26. Rxc5 Ne4
27. Rc1 c5 28. Nb3 c4 29. Nd4 0-1

[Event "Cto. FACV Ind. Preferente Valencia 2014"]
[Site "Valencia ESP"]
[Date "2014.10.25"]
[Round "4.5"]
[White "Gomez Ibanez, David"]
[Black "Perales Arona, Joaquin"]
[Result "1-0"]
[WhiteElo "1949"]
[BlackElo "1845"]
[PlyCount "44"]
[EventDate "2014.09.27"]
[EventType "swiss"]
[EventRounds "7"]
[EventCountry "ESP"]
[Source "lmi"]
[SourceDate "2014.09.27"]

1. d4 d5 2. Nf3 Nf6 3. g3 Bf5 4. Bg2 c6 5. O-O e6 6. Nbd2 Bd6 7. Re1 Nbd7 8. c4
O-O 9. a3 a5 10. Nh4 Bg4 11. Qc2 e5 12. dxe5 Nxe5 13. f4 Ng6 14. Nhf3 Re8 15.
b3 Qb6+ 16. Kh1 Ne7 17. Nb1 Nf5 18. Nc3 Nh5 19. e3 a4 20. Nxa4 Rxa4 21. bxa4 d4
22. e4 d3 1-0

[Event "Cto. FACV Ind. Preferente Xavia 2014"]
[Site "Xavia ESP"]
[Date "2014.09.27"]
[Round "1.1"]
[White "Gonzalez Rodriguez, Manuel I"]
[Black "Perez De Tudela Perales, Fernando"]
[Result "1-0"]
[WhiteElo "1928"]
[BlackElo "1514"]
[PlyCount "73"]
[EventDate "2014.09.27"]
[EventType "swiss"]
[EventRounds "7"]
[EventCountry "ESP"]
[Source "lmi"]
[SourceDate "2014.09.27"]

1. Nf3 d5 2. d4 Bf5 3. c4 c6 4. Nc3 e6 5. e3 Be7 6. Be2 h6 7. O-O Nf6 8. Ne5
Nbd7 9. f4 O-O 10. g4 Bh7 11. Bd2 Ne4 12. Rc1 Nxc3 13. Bxc3 Be4 14. cxd5 Nxe5
15. dxe5 Qxd5 16. Qa4 Bc5 17. Kf2 b5 18. Qb3 Qxb3 19. axb3 Rfd8 20. b4 Bb6 21.
Rfd1 Rxd1 22. Rxd1 Rd8 23. Rd6 Kf8 24. Bf3 Bxf3 25. Kxf3 Rxd6 26. exd6 f6 27.
h4 Kf7 28. Ke4 a6 29. Bd4 Bxd4 30. Kxd4 Ke8 31. f5 e5+ 32. Kc5 Kd7 33. e4 h5
34. gxh5 Kd8 35. Kxc6 Kc8 36. d7+ Kd8 37. b3 1-0

[Event "Cto. FACV Ind. Preferente Xavia 2014"]
[Site "Xavia ESP"]
[Date "2014.09.27"]
[Round "1.2"]
[White "Aguado Crespo, Pablo"]
[Black "Terrades Dalmau, Antonio"]
[Result "0-1"]
[WhiteElo "1507"]
[BlackElo "1846"]
[PlyCount "52"]
[EventDate "2014.09.27"]
[EventType "swiss"]
[EventRounds "7"]
[EventCountry "ESP"]
[Source "lmi"]
[SourceDate "2014.09.27"]

1. e4 c5 2. Bc4 Nc6 3. Nf3 d6 4. d3 Nf6 5. Nc3 e6 6. Bg5 Be7 7. a3 a6 8. a4 Bd7
9. Qe2 Nd4 10. Nxd4 cxd4 11. Nd1 Qa5+ 12. Bd2 Qc7 13. c3 dxc3 14. Bxc3 O-O 15.
O-O b5 16. axb5 axb5 17. Bb3 Rxa1 18. d4 e5 19. d5 Qb6 20. h3 Rc8 21. Qd3 b4
22. Bd2 Bb5 23. Qf3 Bxf1 24. Kxf1 Qd4 25. Be1 Nxe4 26. Ne3 Nd2+ 0-1

[Event "Cto. FACV Ind. Preferente Xavia 2014"]
[Site "Xavia ESP"]
[Date "2014.09.27"]
[Round "1.3"]
[White "Martin Diez, Santiago"]
[Black "Cruanes Andres, Hector"]
[Result "0-1"]
[WhiteElo "1771"]
[BlackElo "1435"]
[PlyCount "26"]
[EventDate "2014.09.27"]
[EventType "swiss"]
[EventRounds "7"]
[EventCountry "ESP"]
[Source "lmi"]
[SourceDate "2014.09.27"]

1. e4 e5 2. Nf3 Nc6 3. Bc4 Bc5 4. d3 Nf6 5. O-O d6 6. Nc3 Bg4 7. h3 Bh5 8. g4
Bg6 9. Be3 Bb6 10. Bxb6 axb6 11. Qd2 h5 12. g5 Nd4 13. gxf6 Nxf3+ 0-1

[Event "Cto. FACV Ind. Preferente Xavia 2014"]
[Site "Xavia ESP"]
[Date "2014.09.27"]
[Round "1.4"]
[White "Jimenez Fernandez, Rebeca"]
[Black "Pastor Marti, Jaume"]
[Result "0-1"]
[WhiteElo "1215"]
[BlackElo "1713"]
[PlyCount "56"]
[EventDate "2014.09.27"]
[EventType "swiss"]
[EventRounds "7"]
[EventCountry "ESP"]
[Source "lmi"]
[SourceDate "2014.09.27"]

1. e4 c6 2. Nf3 d5 3. Nc3 dxe4 4. Nxe4 Nd7 5. Bc4 e6 6. O-O Ngf6 7. Ng3 a5 8.
a3 Be7 9. d4 Qc7 10. c3 O-O 11. Qc2 h6 12. Bd2 b5 13. Ba2 Bb7 14. Rac1 Rac8 15.
Bb1 c5 16. Qd3 Rfd8 17. Qxb5 Rb8 18. Qd3 Bxf3 19. Qxf3 Rxb2 20. Bf4 Bd6 21.
Bxd6 Qxd6 22. Rfd1 cxd4 23. cxd4 Nd5 24. Qd3 N7f6 25. Ne4 Qf4 26. Nxf6+ Nxf6
27. Qc3 Qxf2+ 28. Kh1 Qxg2# 0-1

[Event "Cto. FACV Ind. Preferente Xavia 2014"]
[Site "Xavia ESP"]
[Date "2014.10.04"]
[Round "2.1"]
[White "Daza Lopez, Andres Felipe"]
[Black "Gonzalez Rodriguez, Manuel I"]
[Result "0-1"]
[WhiteElo "1700"]
[BlackElo "1928"]
[PlyCount "78"]
[EventDate "2014.09.27"]
[EventType "swiss"]
[EventRounds "7"]
[EventCountry "ESP"]
[Source "lmi"]
[SourceDate "2014.09.27"]

1. Nc3 d5 2. d4 Nf6 3. Bf4 c6 4. Nf3 Bf5 5. e3 Nbd7 6. h3 h6 7. Bd3 Ne4 8. O-O
e6 9. Bxe4 dxe4 10. Nd2 Nf6 11. Be5 Bb4 12. a3 Bxc3 13. bxc3 O-O 14. c4 b6 15.
Qe2 Qe7 16. Nb3 Nd7 17. Bh2 Qg5 18. Bf4 Qe7 19. c3 e5 20. Bh2 Rfd8 21. Rfd1 f6
22. Qh5 Be6 23. d5 cxd5 24. cxd5 Bf7 25. Qf5 Nc5 26. Nd2 Bxd5 27. f4 exf3 28.
Nxf3 Bb3 29. Rf1 Bc4 30. Rfd1 Bd3 31. Qg4 Qe6 32. Qb4 Qc4 33. Qb2 Be2 34. Rd2
Na4 35. Qc2 Bd3 36. Qc1 Nxc3 37. Kf2 Ne4+ 38. Ke1 Nxd2 39. Qxd2 Bc2 0-1

[Event "Cto. FACV Ind. Preferente Xavia 2014"]
[Site "Xavia ESP"]
[Date "2014.10.04"]
[Round "2.2"]
[White "Terrades Dalmau, Antonio"]
[Black "Duller Llopis, Jouke"]
[Result "0-1"]
[WhiteElo "1846"]
[BlackElo "1559"]
[PlyCount "83"]
[EventDate "2014.09.27"]
[EventType "swiss"]
[EventRounds "7"]
[EventCountry "ESP"]
[Source "lmi"]
[SourceDate "2014.09.27"]

1. e4 e6 2. d4 d5 3. Nc3 Nf6 4. Bg5 h6 5. Bxf6 Qxf6 6. exd5 exd5 7. Nxd5 Qd6 8.
c4 Be6 9. Nc3 Qb4 10. Qe2 Be7 11. a3 Qd6 12. Nb5 Qb6 13. Nf3 c6 14. Nc3 Nd7 15.
d5 cxd5 16. cxd5 Bg4 17. O-O-O Qd6 18. Nb5 Qf4+ 19. Kb1 Bxf3 20. gxf3 Kf8 21.
Bh3 Ne5 22. Rhe1 Bf6 23. Nc7 Rd8 24. Rd3 g6 25. Re3 Qxh2 26. f4 Qxf4 27. Re4
Qf3 28. Qf1 Nd3 29. R1e2 Nf4 30. R2e3 Qh5 31. Rxf4 Be5 32. Rfe4 Bxc7 33. Qc4
Bb6 34. Rg3 Qd1+ 35. Ka2 Qxd5 36. Qxd5 Rxd5 37. Rf3 Kg7 38. Re7 Rf8 39. Rxb7
Rd2 40. Be6 Rxf2 41. Rxf2 Bxf2 42. Kb3 0-1

[Event "Cto. FACV Ind. Preferente Xavia 2014"]
[Site "Xavia ESP"]
[Date "2014.10.04"]
[Round "2.3"]
[White "Pastor Marti, Jaume"]
[Black "Caselles Pedro, Francisco"]
[Result "1-0"]
[WhiteElo "1713"]
[BlackElo "1524"]
[PlyCount "75"]
[EventDate "2014.09.27"]
[EventType "swiss"]
[EventRounds "7"]
[EventCountry "ESP"]
[Source "lmi"]
[SourceDate "2014.09.27"]

1. Nf3 Nf6 2. d4 e6 3. c4 d5 4. Bg5 c5 5. e3 Nbd7 6. Nc3 Qa5 7. Bxf6 Nxf6 8.
Bd3 b5 9. cxb5 c4 10. Bc2 Bd7 11. a3 Bxb5 12. O-O a6 13. Qe2 Rb8 14. e4 Be7 15.
exd5 Nxd5 16. Nxd5 c3 17. Qe5 Rb7 18. Nxc3 Bf6 19. Qe4 Qb6 20. Nxb5 axb5 21.
Bd3 g6 22. Ne5 O-O 23. Rac1 Bg7 24. Rc6 Qd8 25. Rfc1 Qg5 26. f4 Qh4 27. g3 Qe7
28. Rc8 f5 29. Rxf8+ Bxf8 30. Qc6 b4 31. Bc4 bxa3 32. bxa3 Qxa3 33. Bxe6+ Kh8
34. Qxb7 Qxc1+ 35. Kg2 Qd2+ 36. Kh3 Qe2 37. Nf7+ Kg8 38. Ng5+ 1-0